| 000 | 00558nam a2200229Ia 4500 | ||
|---|---|---|---|
| 003 | OSt | ||
| 005 | 20250725114114.0 | ||
| 008 | 210210b2016 xxu||||| |||| 00| 0 eng d | ||
| 020 | _a9789332518742 | ||
| 040 | _cAL | ||
| 041 | _aeng | ||
| 082 | _a001.64404 TANC | ||
| 100 |
_aAndrew S Tanenbaum _940094 |
||
| 245 | _aComputer networks | ||
| 250 | _a5 | ||
| 260 |
_aChennai _bPearson Education Pvt Ltd. _c2016 |
||
| 300 | _a804p. | ||
| 690 |
_aComputer Networks _940095 |
||
| 700 |
_aWetherall, David J _940096 |
||
| 906 | _a070864 | ||
| 942 |
_2ddc _cBK |
||
| 999 |
_c120331 _d120331 |
||